[Event "FIDE GP Tashkent"]
[Site "Tashkent UZB"]
[Date "2012.11.23"]
[Round "2.4"]
[White "Leko,P"]
[Black "Mamedyarov,S"]
[Result "1/2-1/2"]
[WhiteElo "2732"]
[BlackElo "2764"]

1.e4 d6 2.d4 Nf6 3.Nc3 c6 4.Nf3 Bg4 5.h3 Bh5 6.Bd3 e6 7.g4 Bg6 8.g5 Nfd7
9.Nh4 d5 10.Nxg6 hxg6 11.Qg4 Qb6 12.Ne2 Na6 13.c3 dxe4 14.Bxe4 Nc7 15.Qf3 Nb5
16.a4 Nd6 17.a5 Qb5 18.Bd3 Qd5 19.Qxd5 cxd5 20.a6 b6 21.h4 Rc8 22.Ng3 Be7
23.Ke2 Kf8 24.Bf4 Nc4 25.h5 gxh5 26.Nxh5 Kg8 27.Bc1 g6 28.Ng3 Rxh1 29.Nxh1 e5
30.dxe5 Ncxe5 31.Bb5 Nc5 32.Be3 Ne6 33.Rd1 Nc7 34.Bd3 Re8 35.f4 Bxg5 36.Nf2 Nxd3
37.Nxd3 Be7 38.Kf3 f6 39.Bd4 Kf7 40.Rh1 Nxa6 41.Ra1 Nc5 42.Bxc5 bxc5 43.f5 g5
44.Rxa7 Kf8 45.b4 c4 46.Nc5 Bxc5 47.bxc5 Rc8 48.Ra6 Kf7 49.Ra7+ Kg8 50.Ra5 Re8
51.Ra7 Rc8 52.Ra5 Re8 53.Ra7 Rc8 54.Ra5  1/2-1/2

[Event "Cultural Village 2012"]
[Site "Wijk aan Zee NED"]
[Date "2012.11.23"]
[Round "5.3"]
[White "Van der Lende,I"]
[Black "Plukkel,S"]
[Result "0-1"]
[WhiteElo "2169"]
[BlackElo "2330"]

1.e4 d6 2.d4 Nf6 3.Nc3 Nbd7 4.Nf3 e5 5.g4 Nxg4 6.Rg1 Ngf6 7.Be3 g6 8.Qd2 Bg7
9.O-O-O O-O 10.dxe5 dxe5 11.Nxe5 Nxe4 12.Nxe4 Bxe5 13.Bh3 Qh4 14.Bg4 Nf6
15.Qa5 Nxg4 16.Rxg4 Qxh2 17.Rgg1 Bg7 18.Ng3 Bg4 19.Rde1 Qh4 20.Bg5 Qh2 21.Qb4 Bf3
22.Qf4 Qxf2 23.Rgf1 Qb6 24.Rxf3 Bxb2+ 25.Kd1 f6 26.Qc4+ Kh8 27.Bd2 Be5 28.Rb3 Qf2
29.Ne4 Qg2 30.Kc1 Rad8 31.Bc3 Rde8 32.Bxe5 Rxe5 33.Rbe3 Kg7 34.Qxc7+ Rf7
35.Qc3 Rfe7 36.Qd4 Rc7 37.R3e2 Qg4 38.Qd6 Qf4+ 39.Qd2 Qxd2+ 40.Kxd2 f5 41.Nf2 Rxe2+
42.Rxe2 Kf6 43.Re8 g5 44.Nh3 h6 45.Rf8+ Kg6 46.Rg8+ Kh5 47.Rh8 f4 48.Kd3 Rc6
49.Rh7 Kg4 50.Nf2+ Kf3 51.Ne4 Re6 52.Nd2+ Kg2 53.Rxb7 f3 54.c4 g4 55.c5 f2
56.Rxa7 g3 57.Rf7 h5 58.Rf4 Kh3 59.Rf3 Kg4 60.Re3 g2 61.Rxe6 f1=Q+ 62.Nxf1 gxf1=Q+
63.Kd4 Qa1+ 64.Kd5 Qxa2+ 65.Kd6 Qd2+ 66.Ke5 Qd7 67.c6 Qc7+ 68.Kd5 h4 69.Rg6+ Kh5
70.Rd6 h3 71.Rd7 Qa5+ 72.Kd6 Kg6 73.c7 Qb4+ 74.Kc6 Qc4+ 75.Kb7 Qb3+ 76.Kc6 Qa4+
77.Kd6 Qa6+ 78.Kc5 Qc8 79.Rd6+ Kg7 80.Kb6 h2 81.Rd1 Qa8 82.Rd7+ Kg6 83.Rd1 Kg5
84.Rh1 Qxh1 85.c8=Q Qb1+ 86.Ka5 Qf5+  0-1

[Event "ch-Commonwealth 2012"]
[Site "Chennai IND"]
[Date "2012.11.24"]
[Round "3"]
[White "Michelle Catherina,P"]
[Black "Ankit,R"]
[Result "1/2-1/2"]
[WhiteElo "2109"]
[BlackElo "2423"]

1.e4 d6 2.d4 Nf6 3.Nc3 e5 4.dxe5 dxe5 5.Qxd8+ Kxd8 6.Bc4 Ke8 7.Bg5 Bb4 8.O-O-O Bxc3
9.bxc3 Nbd7 10.f3 Nb6 11.Bd3 Be6 12.Kb1 Nfd7 13.Bc1 Nc5 14.Ne2 c6 15.h3 Rd8
16.Rhf1 Bc4 17.Bxc4 Nxc4 18.Ng3 f6 19.Nf5 Kf7 20.Ne3 Nxe3 21.Bxe3 Na4 22.Rd3 Rxd3
23.cxd3 Nxc3+ 24.Kc2 Ne2 25.Rb1 b5 26.a4 a6 27.Ra1 b4 28.Kb3 a5 29.Bb6 Ra8
30.Kc4 Ke6 31.h4 Kd6 32.Re1 Nf4 33.d4 exd4 34.Bxd4 Nxg2 35.e5+ Ke6 36.Re2 Nf4
37.Re4 Kf5 38.exf6 gxf6 39.Bxf6 Nd5 40.Bd4 Rb8 41.Re5+ Kf4 42.Re6 Kxf3 43.Rxc6 Ne3+
44.Bxe3 Kxe3 45.Kb3 Rd8 46.Rc5 Rd3+ 47.Kb2 Kd4 48.Rxa5 Kc4 49.Ra7 Rh3 50.Rc7+ Kd5  1/2-1/2

[Event "British Rapidplay"]
[Site "Leeds ENG"]
[Date "2012.11.24"]
[Round "2.6"]
[White "Hanley,C"]
[Black "Shaw,P"]
[Result "1-0"]
[WhiteElo "2406"]
[BlackElo "2151"]

1.d4 d6 2.e4 Nf6 3.Nc3 c6 4.f4 Qa5 5.e5 Ne4 6.Qf3 Nxc3 7.Bd2 Qd5 8.bxc3 Qxf3
9.Nxf3 Nd7 10.a4 a5 11.Rb1 b6 12.Bd3 Ba6 13.e6 fxe6 14.Ng5 Bxd3 15.cxd3 h6
16.Nxe6 Kf7 17.f5 g6 18.O-O Bg7 19.Nxg7 Kxg7 20.Rbe1 Rae8 21.fxg6 Kxg6 22.Re6+ Nf6
23.c4 Kf7 24.d5 cxd5 25.cxd5 Rc8 26.Be3 Rhg8 27.Bd4 Rc2 28.g3 Rg6 29.Bxf6 Rxf6
30.Rfxf6+ exf6 31.Rxd6 Ra2 32.Rxb6 Rxa4 33.Kf2 Rd4 34.Rb5 Rxd3 35.Rxa5 Rd2+
36.Ke3 Rxh2 37.Kd4 Rg2 38.Ra7+ Kg6 39.d6 Rd2+ 40.Kc5 Kf5 41.Re7 h5 42.Kc6 Kg4
43.Rg7+ Kf5 44.Re7 Kg4 45.Rh7 Kxg3 46.Rxh5 Kg4 47.Rd5 Rc2+ 48.Rc5 Rd2 49.d7 Rxd7
50.Kxd7 f5 51.Ke6 f4 52.Ke5 f3 53.Ke4 f2 54.Rc1 Kg3 55.Ke3 Kg2 56.Ke2  1-0

[Event "9th Vasylyshyn Mem GM"]
[Site "Lviv UKR"]
[Date "2012.11.24"]
[Round "5"]
[White "Sivuk,V"]
[Black "Semcesen,D"]
[Result "1-0"]
[WhiteElo "2482"]
[BlackElo "2484"]

1.e4 d6 2.d4 Nf6 3.Nc3 Nbd7 4.Nf3 e5 5.Bc4 Be7 6.O-O O-O 7.Re1 c6 8.a4 h6
9.h3 Re8 10.Ba2 Qc7 11.Be3 Nf8 12.a5 Ng6 13.d5 c5 14.Bc4 a6 15.Bf1 Nh7 16.Nd2 Bg5
17.Nc4 Bd7 18.Nb6 Rad8 19.Nxd7 Rxd7 20.Bxg5 Nxg5 21.g3 Rf8 22.h4 Nh7 23.Bh3 Rdd8
24.Qd3 Nf6 25.Nd1 Ne7 26.Ne3 Nh5 27.Reb1 g6 28.b4 Rb8 29.bxc5 Qxc5 30.Qc4 Qxc4
31.Nxc4 Nc8 32.Ra2 f5 33.Rab2 Rf7 34.Ne3 Ng7 35.h5 gxh5 36.Nxf5 Nxf5 37.Bxf5 Rc7
38.Bxc8 Rbxc8 39.Rxb7 Rxc2 40.Rb8 Kf7 41.Rxc8 Rxc8 42.Rb6 Ke7 43.Rxa6 Rc4
44.Ra8  1-0

[Event "3rd Thanksgiving Open"]
[Site "Saint Louis USA"]
[Date "2012.11.24"]
[Round "4.3"]
[White "Corrales Jimenez,F"]
[Black "Young,An"]
[Result "1-0"]
[WhiteElo "2611"]
[BlackElo "2346"]

1.e4 d6 2.d4 Nf6 3.Nc3 c6 4.f4 Qa5 5.Bd2 e5 6.Nf3 exd4 7.Nxd4 Qb6 8.Nb3 Be7
9.Qf3 O-O 10.h3 a5 11.Be3 Qc7 12.a4 Na6 13.g4 Nb4 14.Rc1 c5 15.Bg2 Be6 16.g5 Nd7
17.O-O Nxc2 18.Rxc2 Bxb3 19.Rd2 f6 20.Nb5 Qb6 21.Qg4 Rad8 22.h4 Rf7 23.Bh3 fxg5
24.hxg5 Bf8 25.g6 hxg6 26.Rh2 Rf6 27.Qh4 Bc4 28.Rff2 Be7 29.Nc3 Kf7 30.Rhg2 Qc6
31.f5 Ne5 32.fxg6+ Kf8 33.Qh8+ Bg8 34.Be6  1-0

[Event "TCh-AUT 2 Mitte 2012-13"]
[Site "Wolfsberg AUT"]
[Date "2012.11.24"]
[Round "4.1"]
[White "Poetz,F"]
[Black "Jovanovic,Zo CRO"]
[Result "1-0"]
[WhiteElo "2411"]
[BlackElo "2516"]

1.e4 d6 2.d4 Nf6 3.Nc3 e5 4.Nf3 Nbd7 5.Bc4 Be7 6.O-O O-O 7.Re1 c6 8.a4 b6
9.b3 a6 10.Bb2 Bb7 11.Bd3 g6 12.Qd2 Re8 13.Rad1 Bf8 14.dxe5 dxe5 15.Ne2 Qc7
16.Ng3 Rad8 17.Qg5 h6 18.Qh4 Nh7 19.Bc1 h5 20.Ng5 Be7 21.Bc4 Nxg5 22.Bxg5 Nf8
23.Nxh5 gxh5 24.Qxh5 Bxg5 25.Qxg5+ Kh8 26.Qf6+ Kg8 27.Qg5+ Kh8 28.Qf6+ Kg8
29.Rxd8 Rxd8 30.Bxf7+ Kh7 31.Qg5 Qd6 32.g4 Qd2 33.Re3  1-0

[Event "TCh-CZE Div1 Vychod 2012-13"]
[Site "Czech Republic CZE"]
[Date "2012.11.25"]
[Round "3.5"]
[White "Lednicky,M"]
[Black "Hrabal,M"]
[Result "1-0"]
[WhiteElo "2263"]
[BlackElo "2100"]

1.e4 d6 2.d4 Nf6 3.Nc3 e5 4.Nge2 Nbd7 5.f3 Be7 6.Be3 c6 7.Qd2 h5 8.Ng3 g6
9.a4 b6 10.Bc4 a6 11.d5 Bb7 12.dxc6 Bxc6 13.O-O Nc5 14.b3 Bb7 15.Qf2 Rc8
16.Rad1 Kf8 17.Rd2 Kg7 18.Rfd1 Qc7 19.Nd5 Nxd5 20.Bxd5 Bxd5 21.Rxd5 Ne6 22.c4 Rb8
23.Qb2 f6 24.Ne2 Qc6 25.Rc1 Rhc8 26.Nc3 Nc7 27.Rd3 Qe8 28.b4 a5 29.bxa5 bxa5
30.Nb5 Na6 31.Qd2 Nb4 32.Nxd6 Bxd6 33.Rxd6 Rb7 34.Qd1 Rcb8 35.c5 Nc6 36.Qd5 Nb4
37.Qd2 Rc8 38.Rd1 Qxa4 39.c6 Rf7 40.Rd7 Nxc6 41.Bh6+ Kg8 42.Rxf7 Nd4 43.Rg7+ Kh8
44.Rb1 Qa3 45.Rbb7  1-0

[Event "TCh-AUT 2 Mitte 2012-13"]
[Site "Gleisdorf AUT"]
[Date "2012.11.25"]
[Round "5.6"]
[White "Pirker,C"]
[Black "Sandner,W"]
[Result "1/2-1/2"]
[WhiteElo "2180"]
[BlackElo "2209"]

1.e4 d6 2.d4 Nf6 3.Nc3 e5 4.Nf3 Nbd7 5.Be2 Be7 6.O-O O-O 7.Re1 Re8 8.Bf1 Bf8
9.a3 g6 10.dxe5 Nxe5 11.Nxe5 Rxe5 12.Bf4 Re8 13.Qd2 Bd7 14.Bg5 Be7 15.f4 Bc6
16.b4 a6 17.Rad1 Nh5 18.Bh6 Bf8 19.Bxf8 Kxf8 20.g3 Kg8 21.Re3 Nf6 22.Rde1 Qd7
23.h3 Rad8 24.Qd4 Nh5 25.Kh2 Ng7 26.Bc4 Ne6 27.Qd2 Ng7 28.Bb3 Qe7 29.Nd1 Qf6
30.Nf2 h5 31.h4 Bd7 32.c3 Bc8 33.Qd4 Qe7 34.Qd2 Qf6 35.Qd4 Qe7 36.Qd3 Qf6
37.Qe2 Be6 38.Qa2 Bxb3 39.Qxb3 Qe6 40.Qxe6 Rxe6 41.Kg2 d5 42.Rd3 Red6 43.Red1 dxe4
44.Rxd6 Rxd6 45.Rxd6 cxd6 46.Nxe4 Nf5 47.Kf3 Kf8 48.c4 Ke7 49.Ke2 Ke6 50.Kd3 Ke7
51.a4 Kd7 52.b5  1/2-1/2

[Event "British Rapidplay"]
[Site "Leeds ENG"]
[Date "2012.11.25"]
[Round "8.5"]
[White "McPhillips,Joseph"]
[Black "Milliet,S"]
[Result "1/2-1/2"]
[WhiteElo "2145"]
[BlackElo "2405"]

1.e4 d6 2.d4 Nf6 3.Nc3 e5 4.dxe5 dxe5 5.Qxd8+ Kxd8 6.Bg5 c6 7.O-O-O+ Ke8
8.f4 Nbd7 9.fxe5 Ng4 10.Bc4 Be7 11.Bxe7 Kxe7 12.Rd2 Ndxe5 13.Bb3 Be6 14.Bxe6 fxe6
15.Nf3 Rhf8 16.Rf1 Ne3 17.Rff2 N5g4 18.Rfe2 Nf1 19.Rd1 Nfxh2 20.Rh1 Nxf3
21.gxf3 Nh6 22.Rg2 Rf7 23.e5 Rh8 24.Ne4 Nf5 25.Ng5 Rff8 26.Rxh7 Rxh7 27.Nxh7 Rh8
28.Ng5 Rh1+ 29.Kd2 Ra1 30.a3 Rf1 31.Ke2 Rb1 32.b3 Ra1 33.a4 b5 34.axb5 cxb5
35.Ne4 a5 36.Nd6 Nxd6 37.exd6+ Kxd6 38.Rxg7 a4 39.bxa4 bxa4 40.Ra7 Kc5 41.Ra6 e5
42.Ra5+ Kd4 43.Kd2 Ra3 44.Ra8 Kd5 45.Ra6 Ra1 46.Kc3 a3 47.Kd3 a2 48.Kc3 Rf1
49.Rxa2 Rxf3+ 50.Kd2 e4 51.Ke2 Rh3 52.Ra8 Rh2+ 53.Ke3 Rxc2 54.Rd8+ Ke5 55.Re8+ Kf5
56.Rf8+  1/2-1/2

[Event "TCh-SVK Extraliga 2012-13"]
[Site "Slovakia SVK"]
[Date "2012.11.25"]
[Round "4.2"]
[White "Csiba,D"]
[Black "Gazik,I"]
[Result "1-0"]
[WhiteElo "2376"]
[BlackElo "2314"]

1.e4 d6 2.d4 Nf6 3.Nc3 c6 4.f4 b5 5.a3 e6 6.Bd3 Nbd7 7.Qf3 Nb6 8.Nge2 a6
9.e5 Nfd5 10.O-O g6 11.Ne4 c5 12.c3 c4 13.Bc2 Bb7 14.Qh3 Qc7 15.N2g3 O-O-O
16.a4 Kb8 17.exd6 Bxd6 18.Nxd6 Qxd6 19.Ne4 Qc6 20.Ng5 Rd7 21.axb5 axb5 22.Nf3 Re7
23.Ra5 f6 24.Bxg6 Na4 25.Bc2 Qb6 26.Rxa4 bxa4 27.Bxa4 Rg8 28.Bc2 Reg7 29.g3 Ne7
30.Nd2 Nf5 31.Bxf5 exf5 32.Nxc4 Qc6 33.Ne3 Qe4 34.Qg2 Qd3 35.d5 Re8 36.Rd1 Qb1
37.Qc2 Qxc2 38.Nxc2 Re2 39.Nd4 Re8 40.Nxf5 Rd7 41.Ne3 Ba6 42.c4 Re4 43.c5 Be2
44.Re1 Bb5 45.Kf2 Rd4 46.d6 Ra7 47.Nc2 Rd5 48.Na3 Bc6 49.Be3 Rb7 50.Re2 Rb4
51.Nb1 Rd1 52.Nc3 Rh1 53.h4 Rh2+ 54.Ke1 Rh1+ 55.Kd2 Rxb2+ 56.Kd3 Rb3 57.Kc4 Ra3
58.Bd4 f5 59.Re7 Ra7 60.Be5 Rxe7 61.d7+ Kb7 62.d8=Q  1-0

[Event "TCh-AUT 2 Mitte 2012-13"]
[Site "Wolfsberg AUT"]
[Date "2012.11.25"]
[Round "5.5"]
[White "Ertl,J"]
[Black "Hatzl,S"]
[Result "1-0"]
[WhiteElo "2287"]
[BlackElo "2183"]

1.e4 d6 2.d4 Nf6 3.Nc3 e5 4.Nf3 Nbd7 5.Bc4 Be7 6.O-O O-O 7.Re1 c6 8.a4 a5
9.h3 Nb6 10.Bb3 Nfd7 11.Be3 exd4 12.Qxd4 Nc5 13.Rad1 Be6 14.Bxe6 fxe6 15.e5 d5
16.Qg4 Qe8 17.b3 Nbd7 18.Ne2 h5 19.Qg3 Ne4 20.Qh2 h4 21.Nfd4 Bg5 22.Bxg5 Nxg5
23.f4 Ne4 24.Rf1 Qg6 25.f5 exf5 26.Qf4 Rae8 27.e6 Ndc5 28.Qxh4 Nxe6 29.Nxe6 Qxe6
30.Nd4 Qe5 31.Rd3 Rf6 32.Nf3 Qg3 33.Qh5 g6 34.Qh6 Re7 35.Nh4 Qg5 36.Qxg5 Nxg5
37.Rg3 Re4 38.Nxf5 Nf7 39.Ne7+ Kg7 40.Rxf6 Kxf6 41.Nxg6 Re2 42.h4 Rxc2 43.h5 d4
44.Nf4 Rc3 45.Rg6+ Kf5 46.Ne2 Ke4 47.Rg4+ Ke3 48.Nxd4 Nh6 49.Rh4 Rd3 50.Ne6 Rd6
51.Rh3+ Ke4 52.Nc5+ Kf4 53.Rf3+ Kg4 54.Nxb7 Rd5 55.Rc3 Kh4 56.Kf2 Rd2+ 57.Kf3 Ng4
58.g3+ Kh3 59.Nxa5 Rf2+ 60.Ke4 Re2+ 61.Kd4 Rd2+ 62.Kc5 Rd5+ 63.Kb6 Ne5 64.Nxc6 Nd7+
65.Kc7 Nc5 66.Rxc5 Rxc5 67.a5  1-0

[Event "Cultural Village 2012"]
[Site "Wijk aan Zee NED"]
[Date "2012.11.26"]
[Round "7.5"]
[White "Jonkman,H"]
[Black "Plukkel,S"]
[Result "1/2-1/2"]
[WhiteElo "2421"]
[BlackElo "2330"]

1.e4 d6 2.d4 Nf6 3.Nc3 Nbd7 4.Nf3 e5 5.Bc4 Be7 6.O-O O-O 7.Re1 c6 8.a4 Qc7
9.b3 b6 10.Bd3 Re8 11.Bb2 Bb7 12.Ne2 d5 13.Nxe5 dxe4 14.Bc4 Nxe5 15.dxe5 Ng4
16.Ng3 Nxe5 17.Rxe4 Nxc4 18.Rxc4 Qd6 19.Qf3 Bf8 20.Nh5 Re6 21.Rg4 Rg6 22.Re1 Rxg4
23.Qxg4 Qg6 24.Qxg6 hxg6 25.Nf4 Rd8 26.Bc3 Bc8 27.Ne2 c5 28.Ng3 Be6 29.Ne4 Bd5
30.Rd1 Be7 31.f3 Bc6 32.Rxd8+ Bxd8 33.Be5 c4 34.Kf2 cxb3 35.cxb3 Bd5 36.Nd2 Be7
37.Ke3 Bb4 38.Nc4 Be6 39.g4 a6 40.Nxb6 Bxb3 41.g5 Be7 42.f4 f6 43.Bc7 Bc5+
44.Kd3 Kf7 45.a5 Bb4 46.Nc4 Ke6 47.Ne3 Kd7 48.Bb6 Kc6 49.gxf6 gxf6 50.f5 gxf5
51.Nxf5 Bf7 52.Ke4 Bg6 53.Kf4 Kd5 54.h4 Ke6 55.Nd4+ Kf7 56.Nf5 Bd2+ 57.Kg4 Ke6
58.Nd4+ Kd5 59.Nb3 f5+ 60.Kg3 Bc3 61.Nc5 Be5+ 62.Kg2 Bd6 63.Nxa6 Kc6 64.Ba7 Bf7
65.Bb8 Bd5+ 66.Kh3 Be7 67.Bf4 Kb7 68.Nc7 Bf3 69.a6+ Ka7 70.Kg3 Bxh4+ 71.Kxf3 Kb6
72.Ke2 Bd8 73.Ne6 Be7 74.Nc7 Bd8 75.Ne6 Be7 76.Nd4 Kxa6 77.Nxf5 Bc5 78.Kd3 Kb5
79.Ng3 Kc6 80.Kc4 Bd6 81.Bxd6 Kxd6  1/2-1/2

[Event "XXVI Belgrade Trophy 2012"]
[Site "Belgrade SRB"]
[Date "2012.11.27"]
[Round "4.47"]
[White "Injac,Teodora"]
[Black "Stefanovic,M"]
[Result "0-1"]
[WhiteElo "1711"]
[BlackElo "2069"]

1.e4 d6 2.d4 Nf6 3.Nc3 e5 4.Nf3 Nbd7 5.Bc4 Be7 6.O-O O-O 7.Re1 c6 8.a4 a5
9.h3 Qc7 10.Ba2 exd4 11.Nxd4 Nc5 12.Bf4 Nfd7 13.Nf5 Ne5 14.Bh2 Bxf5 15.exf5 Bf6
16.f4 Ned7 17.Bb3 d5 18.g4 Qb6 19.Kg2 Bxc3 20.bxc3 Rae8 21.Bg1 Qc7 22.Qf3 Ne4
23.g5 Ndc5 24.Bxc5 Nxc5 25.Qg4 Re4 26.Rxe4 Nxe4 27.f6 Qb6 28.Rf1 Qe3 29.fxg7 Kxg7
30.f5 Qd2+ 31.Kg1 Qxg5 32.Qxg5+ Nxg5 33.h4 Ne4 34.c4 dxc4 35.Bxc4 Kf6 36.Bd3 Rg8+
37.Kh2 Nc5 38.Rf4 Rd8 39.Bf1 Rd2+  0-1

[Event "ch-Commonwealth 2012"]
[Site "Chennai IND"]
[Date "2012.11.27"]
[Round "7"]
[White "Kathmale,S"]
[Black "Ankit,R"]
[Result "1-0"]
[WhiteElo "2281"]
[BlackElo "2423"]

1.e4 d6 2.d4 Nf6 3.Nc3 e5 4.Nf3 Nbd7 5.Bc4 Be7 6.O-O O-O 7.h3 c6 8.a4 a5
9.Re1 h6 10.Be3 Qc7 11.dxe5 dxe5 12.Nh4 Bc5 13.Qf3 Bxe3 14.Rxe3 Nc5 15.Rd1 Ne6
16.Bxe6 Bxe6 17.Nf5 Bxf5 18.Qxf5 Rfd8 19.Red3 Rxd3 20.Rxd3 Qe7 21.Nd1 Qb4
22.Qxe5 Qxa4 23.Rg3 Kh8 24.Ne3 Qxe4 25.Qc7 Qe6 26.Qxb7 Re8 27.Qc7 a4 28.Qa7 Qa2
29.b3 a3 30.Qxf7 Qa1+ 31.Kh2 Rg8 32.Nf5 a2 33.Ne7 Qb2 34.Nxg8 Nxg8 35.c3 g5
36.Re3  1-0

[Event "CCSCSL IM Inv"]
[Site "Saint Louis USA"]
[Date "2012.11.27"]
[Round "3.3"]
[White "Homa,S"]
[Black "Young,An"]
[Result "1/2-1/2"]
[WhiteElo "2274"]
[BlackElo "2346"]

1.e4 d6 2.d4 Nf6 3.Nc3 c6 4.f4 Qa5 5.Bd3 e5 6.Nf3 Bg4 7.Be3 Nbd7 8.O-O Be7
9.h3 Bh5 10.Kh1 O-O 11.dxe5 dxe5  1/2-1/2

[Event "Doroshkevicha Mem Open 2012"]
[Site "Sochi RUS"]
[Date "2012.11.28"]
[Round "3"]
[White "Bogachkov,V"]
[Black "Rjabzev,K"]
[Result "1-0"]
[WhiteElo "2082"]
[BlackElo "2287"]

1.d4 d6 2.e4 Nf6 3.Nc3 e5 4.Nf3 Nbd7 5.Bc4 Be7 6.O-O O-O 7.Re1 a6 8.a4 b6
9.b4 Bb7 10.d5 a5 11.bxa5 Rxa5 12.Ba3 Ba6 13.Bb3 Bc8 14.Bb4 Ra8 15.Nb5 Nc5
16.Bxc5 bxc5 17.Nd2 g6 18.Bc4 Nh5 19.Nb3 Nf4 20.Qd2 Bg5 21.Qc3 Bh4 22.g3 Nh3+
23.Kg2 Bf6 24.a5 Qd7 25.a6 Ng5 26.h4 Nh3 27.a7 Qg4 28.Nxc7 Nf4+ 29.Kg1 Bxh4
30.Nxa8 Nh3+ 31.Kh2 Nxf2 32.Bf1 Bg5 33.Bg2 Qh5+ 34.Kg1 Ng4 35.Nc7 f5 36.Qf3 Qh2+
37.Kf1 fxe4 38.Qxf8+ Kxf8 39.a8=Q Qxg3 40.Qxc8+ Kf7 41.Qe8+ Kg7 42.Ne6+ Kh6
43.Qf8+ Kh5 44.Nxg5 Nh2+ 45.Kg1  1-0

[Event "XXVI Belgrade Trophy 2012"]
[Site "Belgrade SRB"]
[Date "2012.11.29"]
[Round "6.17"]
[White "Savicevic,V"]
[Black "Stefanovic,M"]
[Result "1-0"]
[WhiteElo "2310"]
[BlackElo "2069"]

1.e4 d6 2.d4 Nf6 3.Nc3 e5 4.dxe5 dxe5 5.Qxd8+ Kxd8 6.Bg5 Be6 7.O-O-O+ Nd7
8.f4 exf4 9.Nf3 h6 10.Bxf4 a6 11.a3 Ng4 12.Rd2 g5 13.Bg3 Bc5 14.h3 Nf6 15.Nd4 Bxd4
16.Rxd4 Nh5 17.Bh2 Nf4 18.Bxf4 gxf4 19.Ne2 Ke7 20.Nxf4 c6 21.Be2 Ne5 22.Rhd1 Rad8
23.b4 Rxd4 24.Rxd4 Rg8 25.g4 Rd8 26.Rxd8 Kxd8 27.Kd2 Ke7 28.Ke3 Kd6 29.Kd4 b5
30.Nxe6 fxe6 31.c4 Nd7 32.e5+ Ke7 33.h4 Kf7 34.Bf3 bxc4 35.Bxc6 c3 36.Be4 Kg7
37.Bc2 Kf7 38.a4 Ke7 39.a5 Kf7 40.Bd3 Ke7 41.g5  1-0

[Event "Doroshkevicha Mem Open 2012"]
[Site "Sochi RUS"]
[Date "2012.11.29"]
[Round "4"]
[White "Korolkov,Yury"]
[Black "Mokhna,N"]
[Result "0-1"]
[WhiteElo "1799"]
[BlackElo "2118"]

1.e4 d6 2.d4 Nf6 3.Nc3 Nbd7 4.f4 e5 5.Nf3 exd4 6.Qxd4 Be7 7.Be2 O-O 8.Be3 c5
9.Qd2 a6 10.h3 b5 11.e5 b4 12.Nd1 Ne4 13.Qd5 Ng3 14.Rg1 Nb6 15.Qd3 Bf5 16.Qd2 Nxe2
17.Qxe2 d5 18.g4 Bd7 19.g5 d4 20.Bd2 Bf5 21.Rc1 Bxc2 22.Nf2 Bf5 23.Nh4 Qd7
24.Ng4 Bxg4 25.hxg4 c4 26.f5 c3 27.f6 gxf6 28.gxf6 Bxf6 29.Nf5 Rfe8 30.Bf4 Bxe5
31.Nh6+ Kf8 32.Bxe5 Rxe5 33.Qxe5 Re8 34.Qxe8+ Qxe8+ 35.Kd1 Qe3  0-1

[Event "Doroshkevicha Mem Open 2012"]
[Site "Sochi RUS"]
[Date "2012.11.29"]
[Round "4"]
[White "Danielyan,Levon"]
[Black "Chashchev,S"]
[Result "1-0"]
[WhiteElo "2126"]
[BlackElo "2408"]

1.e4 d6 2.d4 Nf6 3.Nc3 Nbd7 4.f4 e5 5.Nf3 exd4 6.Qxd4 Be7 7.e5 dxe5 8.fxe5 Bc5
9.Qf4 Qe7 10.Be2 Ng8 11.Nd5 Qd8 12.e6 fxe6 13.Nxc7+ Ke7 14.Qg5+ Ngf6 15.Qxg7+ Kd6
16.Bf4+ Kc6 17.Bb5+ Kb6 18.a4 a6 19.Nxa8+ Ka7 20.Bxd7 Rg8 21.Bc7 Qxd7 22.Qxd7 Bxd7
23.Be5 Ng4 24.Bd4 Bxd4 25.Nxd4 Kxa8 26.h3 Ne3 27.Kf2 Nxg2 28.Rhg1 e5 29.Rxg2 Rf8+
30.Ke3 exd4+ 31.Kxd4 Bxh3 32.Rg7 h5 33.Re1 h4 34.Ree7 Bc8 35.c4 Kb8 36.Rh7 h3
37.Ref7 Rg8 38.Rh6 Re8 39.c5 Rg8 40.c6 bxc6 41.Kc5 Rg5+ 42.Kb6 Rg2 43.Rh8 Rxb2+
44.Ka5 Rb7 45.Rxb7+ Kxb7 46.Rh7+ Kb8 47.Kb6 c5 48.Kxc5 Bf5 49.Rh5 Bg4 50.Rh4 Bf5
51.Kb6 Kc8 52.Kxa6 Kc7 53.Rc4+ Kd6 54.Kb6 Bd3 55.Rd4+  1-0

[Event "XXVI Belgrade Trophy 2012"]
[Site "Belgrade SRB"]
[Date "2012.11.30"]
[Round "7.3"]
[White "Savic,Miod1"]
[Black "Damljanovic,B"]
[Result "1/2-1/2"]
[WhiteElo "2530"]
[BlackElo "2576"]

1.e4 d6 2.d4 Nf6 3.Nc3 e5 4.Nf3 Nbd7 5.Bc4 Be7 6.O-O O-O 7.Re1 c6 8.a4 b6
9.Ba2 a6 10.h3 Rb8 11.Nh4 exd4 12.Qxd4 Ne8 13.Nf5 Bf6 14.Qd1 Nc5 15.Nd4 Qc7
16.Be3 b5 17.axb5 axb5 18.b4 Na6 19.Rb1 Bd7 20.Qd2 Qc8 21.Bf4 Be7 22.Nce2 Ra8
23.c3 Nac7 24.Ng3 g6 25.Bb3 Ng7 26.Nf3 Nce8 27.Bg5 Bxg5 28.Qxg5 Be6 29.e5 Bxb3
30.Qh6 f6 31.exf6 Nxf6 32.Rxb3 Ra7 33.Rb2 Re8 34.Rxe8+ Qxe8 35.Qf4 Qf8 36.Nd4 Rc7
37.Ra2 Nd5 38.Qd2 Qf4 39.Qxf4 Nxf4 40.Ne4 Ne8 41.Ra6 Re7 42.f3 d5 43.Nxc6 Re6
44.Nc5 Re2 45.Kf1 Rc2 46.Ra8 Kf7 47.Ne5+ Kf8 48.g3 Ne2 49.g4 g5 50.Ra7 Ng3+
51.Ke1 Re2+ 52.Kd1 Nd6 53.Ned7+ Ke7 54.Nb6+ Ke8 55.Nxd5 Nc4 56.Nc7+ Kd8 57.N7e6+ Ke8
58.Nd4 Rh2 59.Ra8+ Kf7 60.Ra7+ Ke8 61.Ne4 Rh1+ 62.Kc2 Rh2+ 63.Kb1 Rh1+ 64.Ka2 Rh2+
65.Ka1 Rh1+ 66.Ka2 Rh2+ 67.Kb1 Rh1+ 68.Kc2 Rh2+ 69.Kd1 Rh1+ 70.Kc2 Rh2+ 71.Kd1 Rh1+
72.Kc2 Rh2+ 73.Kc1 Rh1+ 74.Kc2 Rh2+ 75.Kb1 Rh1+ 76.Ka2 Rh2+ 77.Kb1 Rh1+ 78.Kc2 Rh2+  1/2-1/2

[Event "TCh-AUT 2 West 2012-13"]
[Site "Rum AUT"]
[Date "2012.11.30"]
[Round "4.5"]
[White "Hamberger,H"]
[Black "Poettinger,H"]
[Result "1/2-1/2"]
[WhiteElo "2114"]
[BlackElo "2238"]

1.e4 d6 2.d4 Nf6 3.Nc3 e5 4.Nf3 Nbd7 5.Bc4 Be7 6.O-O O-O 7.Qe2 exd4 8.Nxd4 Ne5
9.Bb3 c5 10.Nf5 Bxf5 11.exf5 Qd7 12.Nd5 Rfe8 13.Nxf6+ Bxf6 14.Bd5 Nc6 15.Qb5 a6
16.Bxc6 Qxc6 17.Qxc6 bxc6 18.Bf4 Be5 19.Bxe5 Rxe5 20.Rad1 d5 21.Rd3 Rb8 22.Ra3 Rb6
23.b3 d4 24.g4 Kf8 25.Ra5 Ke7 26.Rd1 Kd6 27.Kf1 h5 28.h3 Re4 29.gxh5 Re5
30.Rd3  1/2-1/2

[Event "TCh-AUT 2 West 2012-13"]
[Site "Rum AUT"]
[Date "2012.11.30"]
[Round "4.4"]
[White "Ljubic,J"]
[Black "Kleissl,H"]
[Result "1/2-1/2"]
[WhiteElo "2204"]
[BlackElo "2290"]

1.e4 d6 2.d4 Nf6 3.Nc3 e5 4.dxe5 dxe5 5.Qxd8+ Kxd8 6.Bc4 Be6 7.Bxe6 fxe6
8.Be3 Bd6 9.f3 Nc6 10.O-O-O Ke7 11.Nh3 a6 12.Nf2 Nd7 13.h4 b5 14.Nd3 Rhf8
15.Rhf1 Rab8 16.g3 Rf7 17.Ne2 Rbf8 18.Ng1 Nf6 19.Rf2 Na5 20.b3 Nc6 21.c3 Rb8
22.Rc2 Nd7 23.Kd2 Na5 24.Ke2 Ke8 25.Nh3 h6 26.Rcd2 Nc6 27.f4 Ke7 28.g4 exf4
29.Nhxf4 Nde5 30.Nf2 Rbf8 31.N2h3 g5 32.hxg5 hxg5 33.Nd3 Nxg4 34.Bxg5+ Kd7
35.Rg1  1/2-1/2

[Event "FSGM December 2012"]
[Site "Budapest HUN"]
[Date "2012.12.01"]
[Round "1.5"]
[White "Varga,Zo"]
[Black "Czebe,A"]
[Result "1/2-1/2"]
[WhiteElo "2455"]
[BlackElo "2481"]

1.d4 d6 2.e4 Nf6 3.Nc3 e5 4.Nf3 Nbd7 5.Bc4 Be7 6.O-O c6 7.a4 h6 8.Re1 Qc7
9.h3 O-O 10.b3 Re8 11.Bb2 Nf8 12.d5 a5 13.Qd2 Ng6 14.Rad1 Bf8 15.Ba3 c5 16.Nb5 Qd8
17.Bc1 Nh7 18.Qc3 Be7 19.Bf1  1/2-1/2

[Event "Frau Bundesliga Div1 2012-13"]
[Site "Germany GER"]
[Date "2012.12.01"]
[Round "3.4"]
[White "Zakurdjaeva,I"]
[Black "Moser,E"]
[Result "1-0"]
[WhiteElo "2248"]
[BlackElo "2443"]

1.e4 d6 2.d4 Nf6 3.Nc3 Nbd7 4.f4 e5 5.Nf3 exd4 6.Nxd4 Nc5 7.Qf3 c6 8.Bd3 Be7
9.O-O Qb6 10.Kh1 Nxd3 11.Qxd3 O-O 12.Be3 Qc7 13.Rae1 b5 14.e5 Ng4 15.Bg1 dxe5
16.fxe5 b4 17.Ne4 Bh4 18.e6 Bxe1 19.Ng5 f5 20.Rxe1 h6 21.e7 Re8 22.Qc4+ Kh8
23.Qf7 Bd7 24.Nge6 Bxe6 25.Rxe6 Ne5 26.Rxh6+ gxh6 27.Qf6+ Kh7 28.Qxf5+ Kg8
29.Qe6+ Kh7 30.Nf5 Rxe7 31.Nxe7 Re8 32.Bc5 a5 33.Bd6 Rxe7 34.Bxe7 Qd7 35.Qxd7 Nxd7
36.b3 Nb6 37.Bd8 Nd5 38.Bxa5 Kg6 39.Kg1 Kf5 40.Kf2 Ke4 41.Ke2 Nc3+ 42.Kd2 Nxa2
43.c4 c5 44.Bb6 Kd4 45.Bd8 h5 46.Bf6+ Ke4 47.Kc2 Ke3 48.Kb2 Nc3 49.Bxc3 bxc3+
50.Kxc3 Kf2 51.b4 cxb4+ 52.Kxb4 h4 53.g4  1-0

[Event "4th London Classic Open"]
[Site "London ENG"]
[Date "2012.12.01"]
[Round "1"]
[White "O'Molloy,Eamonn"]
[Black "Berry,N"]
[Result "0-1"]
[WhiteElo "1926"]
[BlackElo "2247"]

1.e4 d6 2.d4 Nf6 3.Nc3 e5 4.Nf3 Nbd7 5.g3 Be7 6.Bg2 c6 7.a4 O-O 8.O-O Re8
9.h3 Bf8 10.Be3 exd4 11.Nxd4 Nc5 12.Bg5 h6 13.Bxf6 Qxf6 14.Qd2 a5 15.Rad1 Bd7
16.Rfe1 Rad8 17.Nde2 h5 18.Nf4 g6 19.Nd3 Nxd3 20.Qxd3 Be6 21.Qd2 Bg7 22.Qd3 Qg5
23.Re2 Qc5 24.Kh1 Bc4  0-1

[Event "4th London Classic Open"]
[Site "London ENG"]
[Date "2012.12.01"]
[Round "1"]
[White "Hajenius,W"]
[Black "Black,Ri"]
[Result "0-1"]
[WhiteElo "1922"]
[BlackElo "2227"]

1.d4 d6 2.e4 Nf6 3.Nc3 c6 4.Nf3 Bg4 5.Be2 e6 6.Bg5 Be7 7.O-O O-O 8.a4 d5
9.e5 Nfd7 10.Bxe7 Qxe7 11.Re1 c5 12.Nb5 Nc6 13.c3 a6 14.Na3 cxd4 15.cxd4 f6
16.exf6 Qxf6 17.Nc2 Rad8 18.Qd2 e5 19.dxe5 Ndxe5 20.Ra3 d4 21.Nb4 d3 22.Nxc6 bxc6
23.Bd1 Bxf3 24.Bxf3 Nc4 25.Qb4 Nxa3 26.Qxa3 d2 27.Qb3+ Kh8 28.Rd1 Rfe8 29.Kf1 Qe5
30.Qc3 Qxh2 31.g3 Qh3+ 32.Bg2 Qe6  0-1

[Event "4th London Classic Open"]
[Site "London ENG"]
[Date "2012.12.01"]
[Round "1.9"]
[White "Lenier,J"]
[Black "Williams,Si1"]
[Result "0-1"]
[WhiteElo "2069"]
[BlackElo "2515"]

1.e4 d6 2.d4 Nf6 3.Nc3 Nbd7 4.Nf3 e5 5.Bc4 Be7 6.O-O c6 7.a4 Qc7 8.h3 h6
9.Be3 Nf8 10.Nd2 g5 11.b4 Ng6 12.b5 g4 13.hxg4 Nxg4 14.bxc6 bxc6 15.Qf3 Bg5
16.d5 c5 17.Bb5+ Kf8 18.Bc6 Rb8 19.Nb5 Qe7 20.Nc4 Bf4 21.g3 Nh4 22.Qh1 Nxe3
23.fxe3 Bxg3 24.Nbxd6 Qg5 25.Nxf7 Qg7 26.Nfxe5+ Kg8 27.Rf7 Qg5 28.Nf3 Qg6
29.Be8 Be5+  0-1